Bharatada ithihasa II A.D. 1206-1856 . (Record no. 104996)
[ view plain ]
| 000 -LEADER | |
|---|---|
| fixed length control field | 00867nam a2200229Ia 4500 |
| 003 - CONTROL NUMBER IDENTIFIER | |
| control field | OSt |
| 005 - DATE AND TIME OF LATEST TRANSACTION | |
| control field | 20240808125502.0 |
| 008 - FIXED-LENGTH DATA ELEMENTS--GENERAL INFORMATION | |
| fixed length control field | 210210b2001 xxu||||| |||| 00| 0 eng d |
| 040 ## - CATALOGING SOURCE | |
| Original cataloging agency | AL |
| Transcribing agency | |
| 082 ## - DEWEY DECIMAL CLASSIFICATION NUMBER | |
| Classification number | 954K GILB |
| 100 ## - MAIN ENTRY--PERSONAL NAME | |
| Personal name | GILBART SIKVERA mattu STIVAN KVADRAS. |
| 9 (RLIN) | 31108 |
| Dates associated with a name | ಗಿಲ್ಬರ್ಟ್ ಸಿಕ್ವೇರಾ ಮತ್ತು ಸ್ಟೀವನ್ ಕ್ವಾಡ್ರಸ್ |
| 245 ## - TITLE STATEMENT | |
| Title | Bharatada ithihasa II A.D. 1206-1856 . |
| Remainder of title | ಭಾರತದ ಇತಿಹಾಸ ಭಾಗ-೨ (ಕ್ರಿಸ್ತ ಶಕ ೧೩೦೬_೧೮೫೬) |
| 250 ## - EDITION STATEMENT | |
| Edition statement | 2 |
| 260 ## - PUBLICATION, DISTRIBUTION, ETC. | |
| Place of publication, distribution, etc. | Mangaluru. |
| Name of publisher, distributor, etc. | Je Je Prakashana., |
| Date of publication, distribution, etc. | 2001 |
| 300 ## - PHYSICAL DESCRIPTION | |
| Extent | xii,506 |
| 650 ## - SUBJECT ADDED ENTRY--TOPICAL TERM | |
| Topical term or geographic name entry element | Medieval India |
| 9 (RLIN) | 31109 |
| 650 ## - SUBJECT ADDED ENTRY--TOPICAL TERM | |
| Topical term or geographic name entry element | II B.A |
| 9 (RLIN) | 175822 |
| 690 ## - LOCAL SUBJECT ADDED ENTRY--TOPICAL TERM (OCLC, RLIN) | |
| Topical term or geographic name as entry element | Indian History |
| 9 (RLIN) | 31110 |
| 700 ## - ADDED ENTRY--PERSONAL NAME | |
| Personal name | SEQUEIRA (Gilbert) and QUADROS (Stephen) |
| 9 (RLIN) | 175821 |
| 906 ## - LOCAL DATA ELEMENT F, LDF (RLIN) | |
| a | 057547 |
| 942 ## - ADDED ENTRY ELEMENTS (KOHA) | |
| Source of classification or shelving scheme | Dewey Decimal Classification |
| Koha item type | Book |
| Withdrawn status | Lost status | Damaged status | Not for loan | Collection code | Home library | Current library | Shelving location | Date acquired | Source of acquisition | Cost, normal purchase price | Total Checkouts | Full call number | Barcode | Date last seen | Price effective from | Koha item type |
|---|---|---|---|---|---|---|---|---|---|---|---|---|---|---|---|---|
| St Aloysius Library | St Aloysius Library | 02/17/2021 | Mangala Publications. | 135.00 | 954K GILB | 055609 | 02/17/2021 | 02/17/2021 | Book | |||||||
| St Aloysius Library | St Aloysius Library | 02/17/2021 | Mangala Publications. | 135.00 | 954K GILB | 055607 | 02/17/2021 | 02/17/2021 | Book | |||||||
| St Aloysius Library | St Aloysius Library | 02/17/2021 | Mangala Publications. | 135.00 | 954K GILB | 055610 | 02/17/2021 | 02/17/2021 | Book | |||||||
| St Aloysius Library | St Aloysius Library | 02/17/2021 | Mangala Publications. | 135.00 | 954K GILB | 055608 | 02/17/2021 | 02/17/2021 | Book | |||||||
| St Aloysius Library | St Aloysius Library | 02/17/2021 | Mangala Publications. | 135.00 | 954K GILB | 055611 | 02/17/2021 | 02/17/2021 | Book | |||||||
| St Aloysius Library | St Aloysius Library | 02/17/2021 | J J Publications, Attavar, Mangalore. | 130.00 | 954K GILB | 057548 | 02/17/2021 | 02/17/2021 | Book | |||||||
| St Aloysius Library | St Aloysius Library | 02/17/2021 | J J Publications, Attavar, Mangalore. | 130.00 | 954K GILB | 057547 | 02/17/2021 | 02/17/2021 | Book | |||||||
| St Aloysius Library | St Aloysius Library | 02/17/2021 | J J Publications, Attavar, Mangalore. | 130.00 | 954K GILB | 057549 | 02/17/2021 | 02/17/2021 | Book |